UBT Library

Fields without dreams : (Record no. 41341)

000 -LEADER
fixed length control field 00673cam a2200229 a 4500
001 - CONTROL NUMBER
control field 1145012
005 - DATE AND TIME OF LATEST TRANSACTION
control field 20180131040515.0
008 - FIXED-LENGTH DATA ELEMENTS--GENERAL INFORMATION
fixed length control field 950824s1996 nyu 000 0 eng
010 ## - LIBRARY OF CONGRESS CONTROL NUMBER
LC control number 95040875
020 ## - INTERNATIONAL STANDARD BOOK NUMBER
International Standard Book Number 0684822997
040 ## - CATALOGING SOURCE
Original cataloging agency DLC
Transcribing agency DLC
Modifying agency DLC
041 ## - LANGUAGE CODE
Language code of text/sound track or separate title eng
043 ## - GEOGRAPHIC AREA CODE
Geographic area code n-us---
080 ## - UNIVERSAL DECIMAL CLASSIFICATION NUMBER
Universal Decimal Classification number 338.16 dav
082 00 - DEWEY DECIMAL CLASSIFICATION NUMBER
Classification number 338.16 dav
Edition number 20
100 1# - Rafti
Rafti 9
101 ## - Shkurtesa
Shkurtesa mje
245 10 - TITLE STATEMENT
Title Fields without dreams :
Statement of responsibility, etc Victor Davis Hanson.
906 ## - LOCAL DATA ELEMENT F, LDF (RLIN)
a 7
b cbc
c orignew
d 1
e ocip
f 19
g y-gencatlg
942 ## - ADDED ENTRY ELEMENTS (KOHA)
Source of classification or shelving scheme
Item type Books
Holdings
Withdrawn status Lost status Source of classification or shelving scheme Damaged status Not for loan Collection code Permanent location Current location Shelving location Date acquired Total Checkouts Full call number Barcode Date last seen Price effective from Koha item type
          Koleksioni i përgjithshem UBT - Lipjan UBT - Lipjan Koleksioni i përgjithshem 01/31/2018   338.16 dav 002-2996862 01/31/2018 01/31/2018 Books
UBT Library © 2015-2024. All rights reserved University Education for Business and Technology